00751 a2200145 4500003000500000005001700005040000900022082001500031100002200046245007200068260003300140300002700173505039300200650001200593Nust20230126150935.0 cNust a828.91,BAI a Baillie, Eileen. aThe shabby paradise; the autobiography of a decade /c by Dick Hart aLondon,b Hutchinsonc[1958] a222 p.b illus. 22 cm. aView from a Slum Window (Page-11), East of Aldgate Pump (Page-35), The Finest Playground in London (Page-53), The Penitent Bargee (Page-69), The Sheet Anchor (Page-85), Born in the Cloth (Page-99), A Piece of Tarred Twine (Page-115), Edwardian Nursery (Page-135), Matthew Mark Luke and John (Page-153), Rural Pursuits (Page-171), Urban Diversions (Page-187), Popular Pavements (Page-201). aFiction